000 01740nam0a2200301 4500
001 RU\NLR\bibl\790804
005 20260407113130.0
021 _aRU
_b2005-1475
_976
035 _a(NLR Aleph) 000780047
090 _a1056337
_c1056337
100 _a20050421d2004 |||y0rusy50 ca
101 0 _arus
102 _aRU
105 _ay |||||||||
200 1 _aБиблиографический указатель научных трудов кафедры общего образования и развития человека МААН и ПАНИ, 1997-2003
_fПетр. акад. наук и искусств, Междунар. акад. акмеол. наук, Междунар. слав. акад. наук и искусств, Академ. каф. общ. образования и развития человека МААН И ПАНИ, Фонд "Ун-т развития"
210 _aСанкт-Петербург
_cАкадемическая кафедра общего образования МААН и ПАНИ
_d2004
215 _a36 с.
_d21
606 1 _aПедагогика
_jБиблиография
_9921924
_3RU\NLR\auth\6619222
606 1 _aПедагогическая психология
_jБиблиография
_91006945
_3RU\NLR\auth\6665004
686 _aЧ30я1
686 _aЮ940.9я1
686 _aЮ984.0я1
710 0 2 _4070
_aАкадемическая кафедра общего образования и развития человека МААН и ПАНИ
_cСанкт-Петербург
_3RU\NLR\AUTH\8810065175
_9631940
801 0 _aRU
_bNLR
_c20050421
_gPSBO
801 1 _aRU
_bNLR
_c20050421
942 _cBOOK
980 _aNB